LEADER 01575nam a2200337 u 4500 001 000000004128 003 CaOOAMICUS 005 20070226104622.0 008 940514s1979 it u000 u ita u 035 $a10108106 040 $aNjPT$bita$cNjPT$dPUL(R) 100 1 $aBelardinelli, Mario,$d1940-$0(OLS)http://pul/name/4268 245 10$aMovimento cattolico e questione comunale dopo l'unitą /$cMario Belardinelli. 260 $aRoma :$bStudium,$cc1979. 300 $a193 p. ;$c17 cm 490 1 $aNuova universale Studium ;$v33 504 $aIncludes bibliographical references. 610 24$aChiesa cattolica$xStoria$ySec. XIX-XX.$0(OLS)http://pul/subject/3481 650 4$aMovimento cattolico.$0(OLS)http://pul/subject/3482 650 0$aMunicipal government$zItaly.$2//eng$0(OLS)http://pul/subject/3483 650 0$aChurch and state$zItaly$xHistory$y19th century.$2//eng$0(OLS)http://pul/subject/3484 830 0$aNuova universale Studium ;$v33.$0(OLS)http://pul/title/109 850 $aPUL 852 $aPUL$W1$xDP1 Cons. Gen., Altre Classi 1$y22$m43 N 43$j5809$nBK-PRI$b $qStampati$B5809$CPULBib$Z2$F5809 $H $81 852 $aPUL$W1$xDP1 Fondo Maccarrone$y58$m1522 B 8$j5810$nBK-PRI$b $qFondi$B5810$CPULBib$Z2$F5810 $H $81 941 1 $a8 941 1 $a1 961 $aINV: 82318 961 $aINV: F. Maccarrone 996 $6245$aMovimento cattolico e questione comunale dopo l'unitą$9(OLS)http://pul/title/5983 996 $6260$aRoma :$bStudium$9(OLS)http://pul/publisher/47892 LEADER 01689nam a2200361 a 4500 001 000000123798 003 CaOOAMICUS 005 20101126093512.0 008 101126t2010 it u000 u ita r 020 $a978-88-96943-00-7 040 $aPUL$bita 041 0 $aita$alat 082 04$a282.09 100 1 $aDoria, Piero,$d1964-$0(OLS)http://pul/name/70323 245 13$aIl Concilio Provinciale di Otranto (1567) dell'Arcivescovo Pietro Antonio Di Capua /$cPiero Doria ; presentazione di Donato Negro ; prefazione di Mario Spedicato . 260 $aGalatina (Lecce) :$bEdizioni Panico,$c©2010. 300 $a119 p. ;$c21 cm 490 1 $aCultura e storia 500 $aInclude indice. 650 4$aConcili e sinodi$zOtranto.$0(OLS)http://pul/subject/37355 651 4$aPuglia$xStoria ecclesiastica$ySec. XVI.$0(OLS)http://pul/subject/37356 700 1 $aNegro, Donato.$0(OLS)http://pul/name/52234 700 1 $aSpedicato, Mario,$d1948-$0(OLS)http://pul/name/8760 710 2 $aSocietą di Storia Patria.$bSezione di Lecce.$0(OLS)http://pul/name/78062 830 0$aCultura e storia (Edizioni Panico).$0(OLS)http://pul/title/156047 850 $aPUL 852 $aPUL$W1$xSL Religione 3$y85$m282. 09 DORPI 1$j142616$qDDC 21$B141580$CPULBib$Z2$F141580 $H115141 $82 941 1 $a9 996 $6020$a978-88-96943-00-7$9(OLS)http://pul/number/145978 996 $6082$a282.09$9(OLS)http://pul/classification/524 996 $6245$aIl Concilio Provinciale di Otranto (1567) dell'Arcivescovo Pietro Antonio Di Capua$9(OLS)http://pul/title/156046 996 $6260$aGalatina (Lecce) :$bEdizioni Panico$9(OLS)http://pul/publisher/81495